000 00505nam a2200193 a 4500
001 50343
003 BD-RJUL
005 20211209075508.0
008 160824s1962 enk 000 0 eng d
035 _a(BD-RJUL) 50463
040 _aEQO
_cEQO
_beng
_dBD-RJUL
041 _aeng
082 _223
_a428
_bYOE 1962
100 1 0 _aYoung, Donald A.
_9150869
245 1 0 _aEnglish with Punch /
_cDonald A. Young
260 _aLondon :
_bMax parrish,
_cc1962
300 _a94 p. :
_bill. ;
_c18 cm.
942 _2ddc
_cBK
999 _c50343
_d50343